000 00441pab a2200157 454500
008 180718b2013 xxu||||| |||| 00| 0 eng d
100 _aGegout, Catherine
245 _aThe international criminal court: Limits, potential and conditions for the promotion of justice and peace
260 _c2013
300 _ap.800-818.
650 _aCourts
650 _aJudiciary
773 _aThird World Quarterly
908 _aN
909 _a100975
999 _c100974
_d100974